| 000 | 00438nam a22001697a 4500 | ||
|---|---|---|---|
| 999 |
_c264569 _d264568 |
||
| 003 | OSt | ||
| 005 | 20241003123746.0 | ||
| 008 | 241003b xxu||||| |||| 00| 0 eng d | ||
| 020 | _a9780312369811 | ||
| 040 | _cN/A | ||
| 050 |
_aPZ7. _bB1135 |
||
| 100 | _aNatalie Babbitt | ||
| 245 |
_aTuck Everlasting _cBabbitt, Natalie |
||
| 260 |
_aNew York _bAn imprint of Macmillan Publishing Group _c1975 |
||
| 300 | _b148pages | ||
| 942 |
_2lcc _cBK |
||